1709 1699 1687 1957 1679 1479 1535 1370 1828 1414 1149 1197 1982 1163 1129 1078 1811 1760 1494 1278 1744 1955 1122 1711 1575 1817 1594 1813 1067 1687 1291 1034 1543 1601 1511 1208 1635 1532 1487 1708 1369 1786 1539 1539 1575 1803 1992 1970 1632 1570 1449 1397 1943 1842 1173 1491 1073 1505 1877 1218 1269 1317 1858 1796 1857 1633 1145 1389 1961 1517 1780 1676 1285 1465 1224 1613 1703 1756 1217 1051 1917 1379 1715 1148 2000 1809 1673 1633 1666 1120 1780 1384 1665 1043 1690 1957 1779 1668 1104 BCNSPRNW ULIB Ver.6.0+V

เปลี่ยนเป็นภาษาไทย

Change to English
 แสดงรายละเอียดบรรณานุกรม
  กลับหน้าหลัก

Brief Record : Get Marc (ISO 2709) : E-mail record : QR code < ปิดหน้าต่าง
LEADER : 00000nam 2200000uu 4500
001    13399129135
003     ULIB
008    250718s2026||||th 000 0 tha d
020    ^a9780323531863
060 0  ^aWJ368^bS67K
100 1  ^aKnechtle, Stuart j.
245 1  ^aKidney transplantation :^bprinciples and practice /^cStuart J. Knechtle, and Lorna P. Marson.
250    ^a9th ed.
260    ^aPhiladelphia :^bElsevier,^c2026.
300    ^axvi, 838 p. :^bill. ;^c28 cm.
650  0 ^aKidneys^xTransplantation.
700 1  ^aMarson, Lorna p.
945    ^p9358^l0^i011894
999    ^aประนอม เกษจรัล
รายการนี้ยังไม่มีแท็ก
คุณยังไม่ได้ล็อกอิน คุณสามารถมีกิจกรรมร่วมกับเว็บไซต์ได้ แต่ต้องล็อกอินก่อน ::
  ล็อกอิน

รายการสื่อสารสนเทศ

ลำดับที่ ประเภท เลขเรียก/บาร์โค้ด สถานที่ สถานะ
1. วิทยาศาสตร์การแพทย์ และสุขภาพ
หนังสือสำรอง
สถานะ=หนังสือสำรอง
WJ368 S67K ฉ.1 
  Barcode: 011894
ห้องสมุดวิทยาเขตสวรรค์ประชารักษ์
►หนังสือทั่วไป
บนชั้น

BibComment


ยังไม่เคยถูกคอมเมนท์

คอมเมนท์ทรัพยากรรายการนี้
  คอมเมนท์: Kidney transplan..


 Copyright 2026. Bcnsprnw @Library